Quizzes
Events
Quiz Creation
Community
Videos
Private Events
Remove Ads
Sign In
Join for FREE
Feedback
Dark Mode
Quiz Categories
Sports
Geography
Music
Movies
Television
Just For Fun
Miscellaneous
History
Literature
Language
Science
Gaming
Entertainment
Religion
Holiday
For Kids
Quiz Lab
Recent
Popular Today
Quiz Kudos Today
Editor Picks
Curator Picks
Quizzes by...
Day
Popularity
Type
Ratings
Length
Year
Community
Subscriptions
Recent Discussions
Orange Saloon
Badges
Playlists
Quests
Create
Leaderboards
Showdown
Live 5
Trivia Bingo
Activity
Puzzle Library
Sporcle Events
Private Events
Virtual Trivia
Globe League
Become a Host
Pub Owners
SporcleCon
Opinionation
Our Games
Videos
Blog
Mobile Apps
Partnerships
Remove Ads and Go Orange
Feedback
Music
Pop Music
The Beatles
Song
Album
Lyrics
Bands
Singers
Artist
Clip
Rock
Rap
Classical
Billboard
Country Music
Kpop
Taylor Swift
Music
Pop Music
The Beatles
Song
Album
Lyrics
Bands
Singers
Artist
Clip
Rock
Rap
Classical
Billboard
Country Music
Kpop
Taylor Swift
Random Quiz
Search Sporcle
×
Quiz Lab
Quiz Lab
Music
Figure Out the Lyrics
Type in answers that appear in a list
Type in answers that appear in a list
Classic
Best Score? Go Orange.
Figure Out the Lyrics (Classic Movie) Stats
Can you name the Figure Out the Lyrics (Classic Movie)?
By
bIGupS
8m
144 Questions
515 Plays
515 Plays
515 Plays
Comments
Comments
Give Quiz Kudos
Give Quiz Kudos
-
- Ratings
hide this ad
More Info
Replay
Link that replays current quiz
Next Quiz
Link to next quiz in quiz playlist
You Got
0%
They Got
Avg Score
51%
Avg Friend Score
Upgrade to see
Score Distribution
Jump to the score distribution portion of the page
Score
0/144
Timer
08:00
0
Plays Today
Lyric
% Correct
a
98.6%
And
98.6%
a
98.6%
a
98.6%
And
98.6%
a
98.6%
The
98.6%
and
98.6%
the
98.6%
and
98.6%
the
98.6%
you
93.2%
you
93.2%
you
93.2%
you
93.2%
you
93.2%
you
93.2%
to
83.9%
to
83.9%
to
83.9%
To
83.9%
to
83.9%
to
83.9%
to
83.9%
to
83.9%
To
83.9%
To
83.9%
to
83.9%
is
82.9%
is
82.9%
be
82.1%
be
82.1%
be.
82.1%
be
82.1%
be.
82.1%
In
81.9%
in
81.9%
it.
78.3%
it.
78.3%
it.
78.3%
it.
78.3%
it.
78.3%
it.
78.3%
me
76.5%
do
76.1%
do
76.1%
I
73.8%
I
73.8%
Lyric
% Correct
If
71.5%
no
71.5%
If
71.5%
If
71.5%
no
71.5%
If
71.5%
your
71.1%
your
71.1%
of
70.9%
of
70.9%
What
65.8%
my
64.7%
There
61.9%
there
61.9%
There
61.9%
there
61.9%
see
59.6%
see
59.6%
want
57.1%
want
57.1%
want
57.1%
want
57.1%
Will
52.6%
with
51.5%
with
51.5%
with
51.5%
with
51.5%
know
50.9%
know
50.9%
you'll
48.5%
you'll
48.5%
You'll
48.5%
You'll
48.5%
world
40.4%
world
40.4%
world?
40.4%
world?
40.4%
Take
37.9%
Life
35.7%
Life
35.7%
We'll
35.3%
we'll
35.3%
look
35%
look
35%
look
35%
Come
34.6%
Make
32.6%
nothing
32.4%
Lyric
% Correct
nothing
32.4%
There's
30.9%
There's
30.9%
wish.
29.3%
wish
29.3%
Wish
29.3%
imagination.
23.5%
imagination.
23.5%
imagination.
23.5%
imagination.
23.5%
around
22.1%
around
22.1%
pure
21.2%
pure
21.2%
pure
21.2%
Into
17.7%
Anything
16.9%
Anything
16.9%
Wanna
15%
Wanna
15%
free
14.2%
free
14.2%
change
14%
change
14%
paradise
13.6%
paradise
13.6%
compare
13%
truly
13%
compare
13%
truly
13%
view
12.4%
view
12.4%
view
12.4%
view
12.4%
Simply
11.7%
Simply
11.7%
creation.
11.3%
Hold
10.9%
begin
10.5%
Living
10.1%
Living
10.1%
breath.
8.5%
spin
8%
defy
7.2%
Explanation.
6.2%
three.
5.2%
Traveling
5.2%
Count
5%
Quiz Playlist
Details
Report
Send in Message
Add To Playlist
More Info:
Great song from a great movie.
Classic:
Type in answers that appear in a list
Last Updated: Feb 16, 2017
Quiz Scoreboard
CHALLENGE
Sign Up to Join the Scoreboard
Show All
Scores
Hide
Comments
May contain spoilers
Recently Published
Movies - When Are They Set?
by FPL_Elf
Movies
5m
Popular People in 1961
by mucciniale
History
6m
1-10 Letter E Words III
by El_Dandy
Language
2m
More to Explore
Quiz From the Vault
Featured Blog Post
Where Did the Easter Bunny Come From?
hide this ad
You Might Also Like...
Tags
classic
Figure Out the Lyrics
Today's Top Quizzes in Music
Browse Music
hide this ad
Today's Top Quizzes in Figure Out the Lyrics
Browse Figure Out the Lyrics
Top Contributed Quizzes in Music
1
Taylor Swift All Songs (2024)
2
2010s Album by Cover III
3
One Thing in Common: Music
4
Guess the Artist- 70s Songs
5
Taylor Swift Logic Puzzle
6
Guess the Taylor Swift song (Mystery Song)
7
2010s Album by Cover IV
8
2010s Album by Cover V
9
KPOP LOGIC QUIZ
10
2010s Album by Cover VI
Explore More
Trending Topics
Harry Potter
Crossword
Kpop
Marvel
Anime
Disney
NBA
Puzzle
WWE
Pokémon
Soccer
Song
NFL
Country
The Office
hide this ad
More By:
bIGupS
Quiz
Plays
Rating
Category
Featured
Created
Presidents by Definition
742
3.11
History
Oct 12, 2012
Figure Out the Lyrics (Classic Movie)
515
3.20
Music
Oct 23, 2010
Leonardo DiCaprio Co-Stars
210
4.00
Movies
Oct 21, 2011
Unique State Facts
172
4.75
Geography
Oct 15, 2011
Successful Alumni
132
4.50
History
Oct 10, 2011
Go to Creator's Profile
Score Distribution
Quiz Creator Spotlight
bIGupS
Follow
Send a Message
Quizzes Created
-
Created Quiz Play Count
-
More By This Creator
Popular Quizzes Today
1
Find the Countries of Europe - No Outlines Minefield
2
Find the US States - No Outlines Minefield
3
The Countries of the World
4
Popular People in 1961
5
1-10 Letter E Words III
6
US States
7
Find the US States
8
One Thing in Common: World Cities II
More Music Quizzes
Chase Atlantic - OH MAMI
Quiz Lab
Trending Quizzes
Risky Map Clicking: Least Populous States A-Z
Humor Books: The Subtitles
1-10 Letter F Words
1-10 Letter G Words
One Thing in Common: United Kingdom
Recently Updated
Leaping Animals
pecheneg
Reality TV Shows (A-Z)
bhenderson79
Rickey Henderson's Hall of Fame Teammates
pecheneg
Champions League XIs: Arsenal
pecheneg
Quick Pick: Celebrities in WWE's Hall of Fame
aduchscher
A-Z Keypad Blitz II
pecheneg
Multiple Oscar Actors
pecheneg
Mystery Phrase Blitz: Oscar 'Best Actors'
pecheneg
F. Scott Fitzgerald Novels
LTH
Pick 3 Villains
ddd62291
Trending Topics
Disney
Marvel
NBA
Kpop
Crossword
Anime
Harry Potter
Puzzle
The Office
Pokémon
WWE
Country
NFL
Song
Soccer
Your Account Isn't Verified!
In order to create a playlist on Sporcle, you need to verify the email address you used during registration. Go to your
Sporcle Settings
to finish the process.
Report this User
Report this user for behavior that violates our
Community Guidelines
.
Details:
Send Report
Go to the Sporcle.com Mobile Site →
Comments